Statistics for Guess the Taylor Swift Song (no hints) 204

Click here to take the quiz!

General Stats

  • This quiz has been taken 15 times
  • The average score is 242 of 440

Answer Stats

Answer% Correct
I
100%
of
86%
the
86%
The
86%
You
86%
(You
86%
you
86%
you?
86%
a
79%
And
79%
(And
79%
and
79%
do
79%
in
79%
In
79%
it
79%
my
79%
to?
79%
to
79%
To
79%
was
79%
be
71%
But
71%
It's
71%
(It's
71%
me)
71%
me
71%
me?
71%
not
71%
on
71%
So
71%
were
71%
your
71%
all
64%
as
64%
can
64%
'cause
64%
Is
64%
is
64%
just
64%
know
64%
like
64%
love
64%
Or
64%
that
64%
That
64%
then
64%
up
64%
you're
64%
for
57%
from
57%
Get
57%
if
57%
I'm
57%
off
57%
say
57%
want
57%
about
50%
Are
50%
How
50%
into
50%
see
50%
There
50%
time,
50%
way
50%
way)
50%
would've
50%
everything
43%
everything?
43%
giving
43%
gonna
43%
really
43%
renegade
43%
times
43%
wouldn't
43%
you'd
43%
you've
43%
anxiety
36%
come
36%
fire
36%
had
36%
known
36%
leave
36%
long
36%
make
36%
many
36%
night
36%
stay
36%
stops
36%
them
36%
these?
36%
timing
36%
together?
36%
together
36%
yourself
36%
anyway
29%
blinds,
29%
darkest
29%
demolishing
29%
face)
29%
face
29%
first
29%
future
29%
hand
29%
hate
29%
history)
29%
history
29%
Let
29%
let
29%
(let
29%
missiles
29%
(Open
29%
Open
29%
pieces
29%
shape
29%
shit
29%
somebody)
29%
somebody
29%
squeeze
29%
street
29%
street)
29%
talk
29%
tapped
29%
weak
29%
window
29%
baggage
21%
carry
21%
(carry
21%
crumbled
21%
damage
21%
insensitive
21%
lay
21%
might've
21%
need
21%
nowhere
21%
sharp
21%
stayed
21%
jagged
14%

Score Distribution

Percentile by Number Answered

Percent of People with Each Score

Your Score History

You have not taken this quiz